zpět

Detail výsledku týmu

Žumpa Pivnice, Ústí nad Labem

Datum a čas kvízu

16.5 Celkem bodů Celkový počet nahraných bodů na tomto kvízu bez doplňovacích otázek.
7. Pořadí na kvízu Konečné umístění týmu na tomto kvízu.

Zaznamenané odpovědi

# Otázka Odpověď Body Výsledky
1. Předvolební superdebatu v Česk... Matylda 0
2. Tisíce lidí se v neděli v podv... V Polsku. 0
3. Minulý týden měl premiéru doku... Olga Malířová Špátová 0
4. Společnost Blue Origin Jeffa B... James T. Kirk 0
5. Italští fotbalisté okusili po... Španělsko 1
-14. Po Středočeském kraji nás v da... Opyš 0
-13. Oblíbenou atrakcí našeho hlavn... Nebozízek 0
-12. Místem, které rozhodně stojí z... Moja 0
-11. Kterou z následujících soch ne... D 0
-10. Seřaďte následující zahraniční... 1C 2A 3B 4D 0